Between ashes and hope : Chittagong Hill Tracts in the blind spot of Bangladesh nationalism /

Dades bibliogràfiques
Altres autors: Mohaiemen, Naeem
Format: Llibre
Idioma:English
Publicat: Bangladesh : Drishtipat Writers' Collective, 2010.
Matèries:
Classic Catalogue: View this record in Classic Catalogue
LEADER 02534nam a2200337 a 4500
001 0021301
003 BD-DhAAL
008 101206s2010 bg a b 000 0 eng
020 |a 9789843319821 
040 |a BD-DhAAL  |c BD-DhAAL 
082 0 0 |a 306.095492  |2 22 
245 1 0 |a Between ashes and hope :  |b Chittagong Hill Tracts in the blind spot of Bangladesh nationalism /  |c edited by Naeem Mohaiemen ... [et al.]. 
260 |a Bangladesh :  |b Drishtipat Writers' Collective,  |c 2010. 
300 |a 279 p. :  |b illus, photo (b&w) ;  |c 25 cm 
504 |a Includes bibliographical references. 
526 |a BIGD 
541 1 |e 0021301, 0021488  |a Development Book Agency 
651 0 |a Chittagong Hill Tracts (Bangladesh : Region)   |x Social conditions.  |9 30167 
651 0 |a Chittagong Hill Tracts (Bangladesh : Region)   |x Economic conditions.  |9 30168 
700 1 |a Mohaiemen, Naeem  |9 30169 
852 4 |a Ayesha Abed Library   |c General Stacks 
942 |2 ddc  |c BK 
999 |c 10160  |d 10160 
952 |0 0  |1 0  |2 ddc  |4 0  |6 306_095492000000000_BET  |7 0  |9 13515  |a BRACUL  |b BRACUL  |c GEN  |d 2010-12-07  |e Development Book Agency  |g 350.00  |l 2  |m 4  |o 306.095492 BET  |p 3010021488  |r 2019-12-12  |s 2019-11-20  |t 3  |v 700.00  |w 2010-12-07  |y BK 
952 |0 0  |1 0  |2 ddc  |4 0  |6 306_095492000000000_BET  |7 0  |9 13516  |a BRACUL  |b BRACUL  |c GEN  |d 2010-12-07  |e Development Book Agency  |g 350.00  |l 0  |o 306.095492 BET  |p 3010021489  |r 2010-12-07  |t 4  |v 700.00  |w 2010-12-07  |y BK 
952 |0 0  |1 0  |2 ddc  |4 0  |6 306_095492000000000_BET  |7 0  |9 13517  |a BRACUL  |b BRACUL  |c GEN  |d 2010-12-07  |e Karim International  |g 350.00  |l 0  |o 306.095492 BET  |p 3010021490  |r 2010-12-07  |t 5  |v 700.00  |w 2010-12-07  |y BK 
952 |0 0  |1 0  |2 ddc  |4 0  |6 306_095492000000000_BET  |7 0  |9 13518  |a BRACUL  |b BRACUL  |c GEN  |d 2010-12-07  |l 0  |o 306.095492 BET  |p 3010021301  |r 2010-12-07  |t 1  |w 2010-12-07  |y BK 
952 |0 0  |1 0  |2 ddc  |4 0  |6 306_095492000000000_BET  |7 0  |9 13519  |a BRACUL  |b BRACUL  |c GEN  |d 2010-12-07  |l 1  |o 306.095492 BET  |p 3010021302  |r 2013-09-01  |s 2013-06-27  |t 2  |w 2010-12-07  |y BK 
952 |0 0  |1 0  |2 ddc  |4 0  |6 306_095492000000000_BET  |7 0  |9 21067  |a BRACUL  |b BRACUL  |c GEN  |d 2012-09-06  |e Donated by Prf. Dil Afroz Quader (CFL)  |l 2  |m 5  |o 306.095492 BET  |p 3010025900  |r 2013-07-29  |s 2013-06-19  |t 6  |w 2012-09-06  |y BK 
952 |0 0  |1 0  |2 ddc  |4 0  |6 306_095492000000000_BET  |7 0  |9 21068  |a BRACUL  |b BRACUL  |c GEN  |d 2012-09-06  |e Donated by Prf. Dil Afroz Quader (CFL)  |l 1  |m 30  |o 306.095492 BET  |p 3010025901  |r 2025-09-01  |s 2024-12-29  |t 7  |w 2012-09-06  |y BK 
952 |0 0  |1 0  |2 ddc  |4 0  |6 306_095492000000000_BET  |7 0  |9 21069  |a BRACUL  |b BRACUL  |c GEN  |d 2012-09-06  |e Donated by Prf. Dil Afroz Quader (CFL)  |l 1  |m 4  |o 306.095492 BET  |p 3010025902  |r 2018-12-24  |s 2018-11-28  |t 8  |w 2012-09-06  |y BK